Get the Picture: SNL or SCTV? Quiz Stats

 Plays Quiz Updated Sep 8, 2019

Score 0/15 Timer 03:00
0 Plays Today
Question Answer Wrong Answers
Eddie Murphy Saturday Night Live
92.2%
Second City Television
2.6%
Dan Aykroyd Saturday Night Live
86.8%
Second City Television
7.8%
Dave Thomas Second City Television
85.7%
Saturday Night Live
8.6%
Leslie Jones Saturday Night Live
85.5%
Second City Television
8.8%
Jane Curtin Saturday Night Live
84.5%
Second City Television
10.4%
Eugene Levy Second City Television
83.4%
Saturday Night Live
11%
Tim Meadows Saturday Night Live
82.2%
Second City Television
12.3%
Cheri Oteri Saturday Night Live
81.8%
Second City Television
13%
Joe Flaherty Second City Television
81.4%
Saturday Night Live
13.4%
Rick Moranis Second City Television
79.5%
Saturday Night Live
14.9%
Ana Gasteyer Saturday Night Live
78.7%
Second City Television
15.9%
Andrea Martin Second City Television
76.8%
Saturday Night Live
17.5%
Harold Ramis Second City Television
75.9%
Saturday Night Live
18.3%
Taran Killam Saturday Night Live
75.2%
Second City Television
19.6%
John Candy Second City Television
71.9%
Saturday Night Live
22.8%

Today's Daily Dose

You're not logged in!

Compare scores with friends on all Sporcle quizzes.
OR
Log In

Sporcle TV

Today on Sporcle TV


Watch our educational content, quiz creation guides, and fun videos on Sporcle TV.

Show Comments

Extras

Top Quizzes Today


Score Distribution

Your Account Isn't Verified!

In order to create a playlist on Sporcle, you need to verify the email address you used during registration. Go to your Sporcle Settings to finish the process.

Report this User

Report this user for behavior that violates our Community Guidelines.

Details: